000 00547nam a22001937a 4500
003 KOHA_MİRAKIL
005 20251001154340.0
008 251001b tu ||||| |||| 00| 0 tur d
020 _a9786052986950
040 _aTR-AnABB
_btur
_cTR-AnABB
041 _atur
082 _a814.42
_bERH 2020
100 1 _aErhan, Ahmet,
245 1 0 _aAnkara - İstanbul Karatreni /
_cAhmet Erhan
260 _aİstanbul :
_bKırmızı Kedi Yayınları,
_c2020
300 _a155 sayfa ;
_c20 cm
650 0 4 _aTürk edebiyatı, roman
942 _2ddc
_cBK
999 _c9018
_d9018
900 _bGizem YORULMAZ